000
00319nam a22001337a 4500
020
_a
1-85941-227-0
082
_a
344.206862
100
_a
Hodges, Susan
245
_a
Law of Marine Insurance
260
_a
London:
_b
Cavendish Publishing,
_c
1996
300
_a
XLVIII,647p.;23cm.
500
_a
Include Index
942
_c
BK
999
_c
22235
_d
22235